| 000 | 01251cam a2200361 4500 | ||
|---|---|---|---|
| 001 | 4086823 | ||
| 003 | OSt | ||
| 005 | 20140310182058.0 | ||
| 008 | 740606r19741973nyua b 101 0 eng | ||
| 010 | _a 73010733 | ||
| 020 | _a0385065744 | ||
| 040 |
_aDLC _cDLC _dDLC |
||
| 050 | 0 | 0 |
_aTR 760 _b.K59 1974 |
| 082 |
_aHS 778 _bK63 1974 |
||
| 111 | 2 |
_aWestern Hemisphere Conference on Kirlian Photography, Acupuncture, and the Human Aura, _b1st, _cNew York, _d1972. _912539 |
|
| 240 | 1 | 0 | _aGalaxies of life |
| 245 | 1 | 4 |
_aThe Kirlian aura : _cedited by Stanley Krippner and Daniel Rubin. _bphotographing the galaxies of life / |
| 250 | _a[1st ed.] | ||
| 260 |
_aGarden City, N.Y., _bAnchor Books, _c1974. |
||
| 300 |
_a208 p. ; _bill. ; _c21 cm. |
||
| 350 | _a$3.95 | ||
| 490 | 0 | _aSocial change series | |
| 500 | _aPublished in 1973 under title: Galaxies of life. | ||
| 504 | _aBibliography: p. 200-204. | ||
| 650 | 0 |
_aKirlian photography _xCongresses. _912540 |
|
| 650 | 0 |
_aParapsychology _xCongresses. _912541 |
|
| 650 | 0 |
_aAcupuncture _xCongresses. _912542 |
|
| 700 | 1 |
_aKrippner, Stanley, _d1932- _eed. _912543 |
|
| 700 | 1 |
_aRubin, Daniel, _eed. _912544 |
|
| 906 |
_a7 _bcbc _corignew _d2 _eocip _f19 _gy-gencatlg |
||
| 942 | _2lcc | ||
| 999 |
_c9134 _d9134 |
||